Llei 4/2006, de 31 de març, ferroviària / edició a cura del lletrat Xavier Muro i Bas
Descripción Física:
82 p. ; 21 cm
Colección:
Textos legislatius ; 55
Otros Autores:
Muro i Bas, Xavier, ed
MARC
| LEADER | 00000nam a2200000Ia 4500 | ||
|---|---|---|---|
| 001 | 17981 | ||
| 008 | 160829s2006 xx 000 0 cat d | ||
| 080 | |a D-3-102 | ||
| 100 | |a Catalunya. Llei ferroviària (2006) |9 36626 | ||
| 245 | |a Llei 4/2006, de 31 de març, ferroviària / edició a cura del lletrat Xavier Muro i Bas | ||
| 250 | |a Ed. no venal | ||
| 260 | |a Barcelona : |b Parlament de Catalunya, |c 2006 | ||
| 300 | |a 82 p. ; |c 21 cm | ||
| 490 | |a Textos legislatius ; 55 | ||
| 650 | |a Ferrocarrils |x Dret i legislació |x Catalunya |9 36627 | ||
| 700 | |a Muro i Bas, Xavier, ed. |9 26913 | ||
| 710 | 1 | |a Catalunya. |b Parlament |9 11492 | |
| 901 | |a Arxiu | ||
| 942 | |n 1 | ||
| 952 | |0 1 |1 0 |2 udc |4 0 |5 2 |6 D3102 |7 1 |9 47398 |a Arxiu |b Arxiu |d 2016-12-01 |l 0 |o D-3-102 |p 17981 |r 2016-12-01 00:00:00 |w 2016-12-01 |y ARXIU | ||
| 999 | |c 51196 |d 51196 | ||